Robert Sheehan Filmography - Statistics

General Stats
  • This quiz has been taken 11 times
    3 since last reset
  • The average score is 23 of 63
Answer Stats
Type Year Name % Correct
Web Series 2019-2024 The Umbrella Academy
100%
TV Show 2012 Accused
67%
TV Show 2010 Coming Up
67%
Film 2011 Killing Bono
67%
TV Show 2009-2011 Misfits
67%
Film 2018 Mortal Engines
67%
Film 2011 Season of the Witch
67%
Film 2013 The Mortal Instruments: City of Bones
67%
TV Show 2008 The Tudors
67%
TV Show 2018 The Young Offenders
67%
Short Film 2003 A Dublin Story
33%
Short Film 2003 An Cuainín
33%
Short Film 2020 Angel Dust
33%
Film 2014 Anita B.
33%
Film 2010 A Turtle's Tale: Sammy's Adventures
33%
Film 2018 Bad Samaritan
33%
Short Film 2016 Banshee Betty
33%
TV Show 2006 Bel's Boys
33%
TV Show 2008 BitterSweet
33%
Film 2009 Cherrybomb
33%
Film 2011 Demons Never Die
33%
Short Film 2017 Dicky
33%
TV Show 2004 Foreign Exchange
33%
Web Series 2017 Fortitude
33%
TV Show 2018 Genius
33%
Film 2017 Geostorm
33%
Film 2008 Ghostwood
33%
TV Special 2012 Immaturity for Charity
33%
TV Show 2012 In Love with...
33%
Film 2016 Jet Trash
33%
TV Show 2010-2013 Love/Hate
33%
Short Film 2008 Lowland Fell
33%
TV Show 2012 Me and Mrs Jones
33%
Film 2015 Moonwalkers
33%
Film 2018 Mute
33%
Short Film 2013 Push It
33%
TV Film 2014 RanDumb: The Adventures of an Irish Guy in LA
33%
TV Film 2009 Red Riding: The Year of Our Lord 1974
33%
TV Film 2009 Red Riding: The Year of Our Lord 1980
33%
TV Film 2009 Red Riding: The Year of Our Lord 1983
33%
Film 2025 Red Sonja
33%
Short Film 2015 Rideshare
33%
TV Show 2019 Robot Chicken
33%
TV Show 2008 Rock Rivals
33%
Film 2003 Song for a Raggy Boy
33%
Film 2024 Standing on the Shoulders of Kitties
33%
TV Show 2024 Storyland
33%
Film 2008 Summer of the Flying Saucer
33%
Short Film 2016 The Bigger Picture
33%
TV Film 2011 The Borrowers
33%
TV Show 2006 The Clinic
33%
Short Film 2014 The Exchange
33%
Web Series 2022 The Last Bus
33%
Film 2015 The Messenger
33%
Film 2014 The Road Within
33%
Film 2018 The Song of Sway Lake
33%
Film 2017 Three Summers
33%
Podcast 2019 Trailer Park Boys: Park After Dark
33%
TV Show 2005 Young Blades
33%
TV Show 2011 Dynamo: Magician Impossible
0%
Web Series 2024 Hot Ones Versus
0%
Short Film 2007 The Helpless Creature
0%
Theater 2015 The Wars of the Roses
0%
No matching quizzes found
Score Distribution
Percent of People with Each Score
Percentile by Number Answered
Your Score History
You have not taken this quiz since the last reset